000 00446nam a2200181Ia 4500
005 20260603110753.0
008 131103s9999 xx 000 0 und d
040 _aLoreto College
041 _aEnglish
082 _a843
_bDUH
100 _aDuhamel, Georges
245 _aLe club des lyonnais
_cGeorges Duhamel
260 _aParris
_bMercvre de france
_c1929
300 _a261p.
650 _aRoman fiction
850 _aLCLIB
942 _cBK
999 _c24337
_d74816